| 000 | 00658nam a22001937a 4500 | ||
|---|---|---|---|
| 999 |
_c57527 _d57527 |
||
| 005 | 20211220124402.0 | ||
| 008 | 200702s2019 eng||||| |||| 00| 0 enk d | ||
| 020 | _a9781619615281 | ||
| 041 | _aeng | ||
| 080 | _a659.4 H-57 | ||
| 100 |
_aHerold, Cameron _98993 |
||
| 245 |
_aFree PR : _bHow to Get Chased by the Press Without Hiring a PR Firm / _cCameron Herold (Author), Adrian Salamunovic (Author). |
||
| 264 | _c2019. | ||
| 300 |
_a284 p. _b20 cm. |
||
| 653 | _aპიარი | ||
| 653 | _aსაზოგადოებასთან ურთიერთობა | ||
| 700 |
_aSalamunovic, Adrian _eავტორი _98994 |
||
| 942 |
_2udc _cBK |
||